书目信息 |
| 题名: |
索绪尔:本真状态及其张力
|
|
| 作者: | 裴文 著 | |
| 分册: | ||
| 出版信息: | 北京 商务印书馆 2003 |
|
| 页数: | 278页 | |
| 开本: | 20cm | |
| 丛书名: | ||
| 单 册: | ||
| 中图分类: | H0-06 | |
| 科图分类: | ||
| 主题词: | ||
| 电子资源: | ||
| ISBN: | 7-100-03743-3 | |
| 000 | 00600nam0 2200205 45 | |
| 001 | 0411300900 | |
| 005 | 20041130100742.9 | |
| 010 | @a7-100-03743-3@dCNY16.00 | |
| 100 | @a20041130d2003 km y0chiy0120 ea | |
| 101 | 0 | @achi |
| 105 | @a z 000yy | |
| 200 | 1 | @a索绪尔:本真状态及其张力@ASuo Xu Er:Ben Zhen Zhuang Tai Ji Qi Zhang Li@f裴文著@FPei Wen Zhu |
| 210 | @a北京@c商务印书馆@d2003 | |
| 215 | @a278页@d20cm | |
| 300 | @a附录一:人名索引等 | |
| 600 | 0 | @a索绪尔,F@x语言学@x研究 |
| 690 | @aH0-06@v4 | |
| 701 | @a裴文@4著 | |
| 801 | @aCN@bTSTCL@c20041130 | |
| 905 | @b336288-292@dH0-06@e117@f5 | |
| 索绪尔:本真状态及其张力/裴文著.-北京:商务印书馆,2003 |
| 278页;20cm |
| 附录一:人名索引等 |
| ISBN 7-100-03743-3:CNY16.00 |
| ● |
| 相关链接 |
|
|
|
|
正题名:索绪尔:本真状态及其张力
索取号:H0-06/117
 
预约/预借
| 序号 | 登录号 | 条形码 | 馆藏地/架位号 | 状态 | 备注 |
| 1 | 0336288 | 203362887 | 第四借阅区/ [索取号:H0-06/117] | 在馆 | |
| 2 | 0336289 | 203362896 | 第四借阅区/ [索取号:H0-06/117] | 在馆 | |
| 3 | 0336290 | 203362903 | 第四借阅区/ [索取号:H0-06/117] | 在馆 | |
| 4 | 0336291 | 203362912 | 第四借阅区/ [索取号:H0-06/117] | 在馆 | |
| 5 | 0336292 | 203362921 | 第二样本阅览室/ [索取号:H0-06/117] | 在馆 |